Statistiques concernant Quiz sur le Nord

Cliquez ici pour prendre le quiz!

Statistiques générales

  • Ce quiz a été pris 7 451 fois
    (7 375 depuis la dernière actualisation)
  • Le résultat moyen est 14 sur 20

Statistiques - réponses

QuestionRéponse% Correct
Pays frontalier du NordBelgique
99%
Préfecture et plus grande villeLille
98%
Mer bordant le départementMer du Nord
96%
Région à laquelle il appartient depuis 2016Hauts-de-France
94%
Numéro du département59
93%
Ville portuaire qui a donné son nom à un film de Christopher NolanDunkerque
93%
Département avec lequel il formait une région jusqu'alorsPas-de-Calais
92%
Commune d'origine des bêtises, petites friandises à la mentheCambrai
74%
Deuxième commune la plus peuplée du département, à l'arrivée
de la course cycliste surnommée « L'Enfer du Nord »
Roubaix
74%
Seul fromage AOP du Nord, que certains aiment manger avec leur caféMaroilles
72%
Type d'habitation minière courant dans le Nord qui fut chanté par Pierre BacheletCoron
67%
Président français né dans le département du Nord en 1890Charles de Gaulle
62%
Propriétaire de LVMH et plus grande fortune de France, qui est né dans cette villeBernard Arnault
58%
Ancienne province qui constituait la partie nord du départementFlandre française
50%
Plus grand marché aux puces d'Europe qui prend place dans la préfectureGrande Braderie
50%
Capitale de la région historique du Hainaut, dans le sud du départementValenciennes
50%
Ingénieur et architecte militaire qui a construit la citadelle de la préfectureVauban
46%
Acteur connu pour avoir interprété le Grand Blond et François PignonPierre Richard
38%
Corsaire célèbre qui y est né et servait dans la flotte du roi Louis XIVJean {Bart}
26%
La colonne de la Déesse commémore la résistance
des nordistes face aux armées de ce pays, en 1792
Autriche
(Saint-Empire)
20%

Distribution des résultats

Percentile par nombre de réponses

% des personnes avec chaque résultat

Votre développement - résultats

Vous n’avez pas pris ce quiz depuis la dernière actualisation